Rapid review pathology / (Record no. 120324)

MARC details
000 -LEADER
fixed length control field 00982cam a2200313 a 4500
005 - DATE AND TIME OF LATEST TRANSACTION
control field 20240321162717.0
008 - FIXED-LENGTH DATA ELEMENTS--GENERAL INFORMATION
fixed length control field
020 ## - INTERNATIONAL STANDARD BOOK NUMBER
International Standard Book Number 9780323087872 (paperback)
040 ## - CATALOGING SOURCE
Original cataloging agency NUST
Transcribing agency NUST
049 ## - LOCAL HOLDINGS (OCLC)
Holding library MAIN
090 ## - LOCALLY ASSIGNED LC-TYPE CALL NUMBER (OCLC); LOCAL CALL NUMBER (RLIN)
Classification number (OCLC) (R) ; Classification number, CALL (RLIN) (NR) RB120
Local cutter number (OCLC) ; Book number/undivided call number, CALL (RLIN) GOL
100 1# - MAIN ENTRY--PERSONAL NAME
Personal name Goljan, Edward F.
245 10 - TITLE STATEMENT
Title Rapid review pathology /
Statement of responsibility, etc. Edward F. Goljan.
246 30 - VARYING FORM OF TITLE
Title proper/short title Pathology.
250 ## - EDITION STATEMENT
Edition statement Fourth edition.
260 ## - PUBLICATION, DISTRIBUTION, ETC.
Place of publication, distribution, etc. Philadelphia, PA :
Name of publisher, distributor, etc. Elsevier/Saunders,
Date of publication, distribution, etc. 2014.
300 ## - PHYSICAL DESCRIPTION
Extent x, 771 pages :
Other physical details colour illustrations ;
Dimensions 28 cm.
336 ## - CONTENT TYPE
Content type term text
Content type code txt
Source rdacontent
337 ## - MEDIA TYPE
Media type term unmediated
Media type code n
Source rdamedia
338 ## - CARRIER TYPE
Carrier type term volume
Carrier type code nc
Source rdacarrier
440 ## - SERIES STATEMENT/ADDED ENTRY--TITLE
Title Rapid Review series.
500 ## - GENERAL NOTE
General note Includes index.
504 ## - BIBLIOGRAPHY, ETC. NOTE
Bibliography, etc. note Includes bibliographical references
650 #0 - SUBJECT ADDED ENTRY--TOPICAL TERM
Topical term or geographic name entry element Pathology
Form subdivision Outlines, syllabi.
650 #0 - SUBJECT ADDED ENTRY--TOPICAL TERM
Topical term or geographic name entry element Pathology
Form subdivision Examinations, questions.
650 #2 - SUBJECT ADDED ENTRY--TOPICAL TERM
Topical term or geographic name entry element Pathology.
907 ## - LOCAL DATA ELEMENT G, LDG (RLIN)
a .b10402378
b 28-02-22
c 13-05-21
942 ## - ADDED ENTRY ELEMENTS (KOHA)
Koha item type Ordinary Loan Books
Call number prefix RB120
Call number suffix GOL
Holdings
Date last seen Total Checkouts Full call number Barcode Cost, replacement price Price effective from Koha item type Lost status Source of classification or shelving scheme Damaged status Not for loan Collection Withdrawn status Home library Current library Shelving location Date acquired Cost, normal purchase price Date last checked out Total Renewals Accession number Source of acquisition
01/20/2023   RB120 GOL 92004048856 80.00 01/20/2023 BOOKS   LCC     NFIC   MEDICAL MEDICAL GEN 01/20/2023 80.00        
01/20/2023   RB120 GOL 92004049567 80.00 01/20/2023 BOOKS   LCC     NFIC   MEDICAL MEDICAL GEN 01/20/2023 80.00     56434 BOOK AID
01/20/2023   RB120 GOL 92004051433 80.00 01/20/2023 BOOKS   LCC     NFIC   MEDICAL MEDICAL GEN 01/20/2023 80.00        
01/20/2023   RB120 GOL 92004048310 80.00 01/20/2023 BOOKS   LCC     NFIC   Medical Medical GEN 01/20/2023 80.00        
09/11/2023 1 RB120 GOL 92004048324 80.00 01/20/2023 BOOKS   LCC     NFIC   Medical Medical GEN 01/20/2023 80.00 09/11/2023      
01/20/2023   RB120 GOL 92004048332 80.00 01/20/2023 BOOKS   LCC     NFIC   Medical Medical GEN 01/20/2023 80.00        
01/20/2023   RB120 GOL 92004048890 80.00 01/20/2023 BOOKS   LCC     NFIC   Medical Medical GEN 01/20/2023 80.00        
11/30/2023 2 RB120 GOL 92004049947 80.00 01/20/2023 BOOKS   LCC     NFIC   Medical Medical GEN 01/20/2023 80.00 11/02/2023 2    
01/20/2023   RB120 GOL 92004049913 80.00 01/20/2023 BOOKS   LCC     NFIC   Medical Medical GEN 01/20/2023 80.00        
01/20/2023   RB120 GOL 92004049939 80.00 01/20/2023 BOOKS   LCC     NFIC   Medical Medical GEN 01/20/2023 80.00